书目信息 |
| 题名: |
搜索引擎
|
|
| 作者: | 闫宏飞 , 李晓明 著 | |
| 分册: | ||
| 出版信息: | 北京 科学出版社 2007.01 |
|
| 页数: | 248页 | |
| 开本: | 24cm | |
| 丛书名: | 华夏英才基金学术文库 | |
| 单 册: | ||
| 中图分类: | G252.7 | |
| 科图分类: | ||
| 主题词: | 图书馆学 | |
| 电子资源: | ||
| ISBN: | 7-03-014633-6 | |
| 000 | 00680 nam 000241 | |
| 001 | 0100001805 | |
| 005 | 20070901105518.84 | |
| 010 | @a7-03-014633-6@dCNY33.00 | |
| 100 | @a20070805d2007 em y0chiy0121 ea | |
| 101 | @achi | |
| 102 | @aCN@b110000 | |
| 105 | @ay z 000yy | |
| 200 | 10 | @a搜索引擎@9sou suo yin qing@e原理.技术与系统@f李晓明,闫宏飞著@Fli xiao ming , yan hong fei zhu |
| 210 | @a北京@c科学出版社@d2007.01 | |
| 215 | @a248页@d24cm | |
| 225 | @a华夏英才基金学术文库 | |
| 606 | @a图书馆学 | |
| 690 | @aG252.7@v4 | |
| 701 | 1 | @a闫宏飞@9yan hong fei@4著 |
| 701 | 0 | @a李晓明@9li xiao ming@4著 |
| 801 | @aCN@c20070901 | |
| 901 | @a000003 | |
| 905 | @dG252.7@eL294 | |
| 搜索引擎:原理.技术与系统/李晓明,闫宏飞著.-北京:科学出版社,2007.01 |
| 248页;24cm.-(华夏英才基金学术文库) |
| ISBN 7-03-014633-6:CNY33.00 |
| ● |
| 相关链接 |
|
|
|
正题名:搜索引擎
索取号:G252.7/L294
 
预约/预借
| 序号 | 登录号 | 条形码 | 馆藏地/架位号 | 状态 | 备注 |
| 1 | 643806 | 206438069 | 社科库409/422社科库 50排6列2层/ [索取号:G252.7/L294] | 在馆 | |
| 2 | 643807 | 206438078 | 社科库409/409社科库 59排3列4层/ [索取号:G252.7/L294] | 在馆 | |
| 3 | 643808 | 206438087 | 社科库409/409社科库 59排3列4层/ [索取号:G252.7/L294] | 在馆 |